[Event "USA-ch"]
[Site "Seattle"]
[Date "2003.01.17"]
[Round "8"]
[White "Finegold, Benjamin"]
[Black "Lein, Anatoly"]
[Result "1/2-1/2"]
[WhiteElo "2551"]
[BlackElo "2402"]
[Annotator "Krasenkow,M"]
[PlyCount "93"]
[EventDate "2003.01.09"]
[EventType "swiss"]
[EventRounds "9"]
[EventCountry "USA"]
[SourceTitle "CBM 093"]
[Source "ChessBase"]
[SourceDate "2003.04.01"]
[SourceVersion "1"]
[SourceVersionDate "2003.04.01"]
[SourceQuality "1"]

1. d4 Nf6 2. c4 g6 3. Nc3 d5 4. e3 Bg7 5. Qb3 e6 6. Qa3 Nc6 {An old move.} (
6... c6 {is now more popular - see CBM77, 80.}) 7. Nf3 (7. cxd5 exd5 8. Bb5 Bd7
9. Nf3 Ne7 10. Bxd7+ Nxd7 11. Bd2 O-O 12. O-O Nb6 13. b3 Nf5 $11 {1-0 Kotov,
A-Honfi,K/Sarajevo 1966/EXT 98 (76)}) 7... a6 (7... a5 {is quite appropriate:}
8. Bd2 (8. Be2 Nb4 9. Qa4+ Bd7 10. Qd1 dxc4 11. Bxc4 c5 12. O-O cxd4 13. Nxd4
O-O {1/2-1/2 Eingorn,V-Ehlvest,J/Calcutta 1992/CBM 27 ext (13)}) (8. cxd5 Nb4
9. Qa4+ Bd7 10. Qb3 Nbxd5 11. Ne5 O-O 12. Nxd7 Qxd7 13. Be2 c5 14. dxc5 a4 15.
Qc4 Rfc8 $132 {0-1 Fokin,S-Khalifman,A/Riga 1988/EXT 99 (30)}) 8... Nb4 9. Qb3
(9. Rc1 O-O 10. Be2 dxc4 11. Bxc4 b6 12. O-O Bb7 13. Ne5 c5 14. dxc5 bxc5 15.
Qb3 Nfd5 $11 {0-1 Loeffler,S-Zezulkin,J/Germany 2000/CBM 75 ext (32)}) 9... c5
10. a3 Nc6 11. cxd5 exd5 12. dxc5 O-O 13. Be2 Ne4 14. Qxd5 Qxd5 15. Nxd5 Bxb2
16. Ra2 Bg7 17. Nc7 Rb8 18. O-O Nxc5 $13 {0-1 Suba,M-Shirov,A/Cala Galdana
2001/CBM 84 ext (47)}) (7... Bd7 $5 {deserves attention, too:} 8. cxd5 exd5 9.
Be2 Ne7 10. b4 O-O 11. Qb3 Be6 12. Ne5 Ne4 13. Nd3 a5 14. Nc5 Nxc3 15. Nxe6
fxe6 16. Qxc3 axb4 17. Qxb4 e5 $36 {1-0 Finegold,B-Palac,M/Prague 1990/CBM 17 
(36)}) 8. Bd2 (8. Be2 Bd7 9. cxd5 exd5 10. O-O Ne7 11. Bd2 O-O 12. Qb3 Rb8 13.
Rfd1 Re8 14. Rac1 Bf5 15. Ne5 Nc6 16. f4 Ne7 17. Be1 c6 18. Bf3 Be6 19. Qc2 Nf5
20. Qe2 Qe7 21. g4 Nd6 22. Bh4 Qf8 $11 {1/2-1/2 Eingorn,V-Khenkin,I/Metz 1991/
EXT 2002 (87)}) 8... Qe7 9. Qxe7+ {Of course, White has no advantage in the
endgame but it is still quite complicated and therefore playable.} Nxe7 (9...
Kxe7 10. Rc1 Bd7 11. a3 Rhe8 12. cxd5 Nxd5 13. g3 Kf8 14. Bg2 Nb6 15. Ne4 e5
16. dxe5 Nxe5 17. Nxe5 Bxe5 18. Nc5 Bxb2 19. Nxd7+ Nxd7 20. Rxc7 Ne5 21. Rxb7
$16 {1-0 Finegold,B-Greanias,S/Philadelphia 2002/CBM 89 ext (41)}) 10. Rc1 Ne4
11. Bd3 Nxd2 12. Kxd2 Bd7 13. Ke2 Bc6 14. b4 dxc4 15. Bxc4 O-O-O $6 {A risky
decision. The black king will be unsafe here.} (15... O-O $11) 16. Ng5 Be8 17.
a4 Kb8 (17... Nd5 $1 {was better, in order to reduce material.}) 18. b5 axb5
19. axb5 Nc8 20. f4 Nb6 21. Bd3 Rd7 22. Rc2 Re7 23. Ra1 h6 24. Nge4 g5 25. g3
Rg8 26. Rca2 {White has got a dangerous attack.} f5 27. Ra7 $2 {An unnecessary
piece sacrifice.} (27. Nc5 {was correct, although it is not easy to calculate
the following line:} gxf4 28. gxf4 Bf6 29. Ra7 Rg2+ 30. Kf3 Reg7 31. Rxb7+ Kc8
32. Rxc7+ $3 Kxc7 33. Nxe6+ Kd6 34. Nxg7 Rxg7 35. Bxf5 Bh5+ 36. Kf2 Bh4+ 37.
Kf1 $16) 27... gxf4 $6 (27... fxe4) 28. gxf4 $5 (28. Nc5 $5 fxe3 29. Rxb7+ Kc8
30. Kxe3 $14) 28... fxe4 29. Bxe4 c6 30. bxc6 Bxc6 31. Bxc6 Rc8 32. Rxb7+ Rxb7
33. Bxb7 Rxc3 {Black has parried White's attack. White must now fight for a
draw in the endgame.} 34. Be4 Bf8 35. Rg1 Nd5 36. Bd3 Bd6 37. Rg6 Bxf4 38. Rxe6
Bxe3 39. Rxe3 Nxe3 40. Kxe3 Kc7 41. h4 Kd6 42. Ke4 Ra3 43. h5 Ra5 44. Be2 Rg5
45. Bf3 Kc6 46. Be2 Kb6 47. Bf3 1/2-1/2

[Event "EU-Cup 18th"]
[Site "Kallithea"]
[Date "2002.09.26"]
[Round "5.1"]
[White "Aleksandrov, Aleksej"]
[Black "Ivanchuk, Vassily"]
[Result "1/2-1/2"]
[WhiteElo "2654"]
[BlackElo "2711"]
[Annotator "Krasenkow,M"]
[PlyCount "127"]
[EventDate "2002.09.22"]
[EventType "team-swiss"]
[EventRounds "7"]
[EventCountry "GRE"]
[SourceTitle "CBM 092"]
[Source "ChessBase"]
[SourceDate "2003.02.06"]
[SourceVersion "1"]
[SourceVersionDate "2003.02.06"]
[SourceQuality "1"]
[WhiteTeam "Skopje Alkaloid"]
[BlackTeam "Warsaw Polonia"]
[WhiteTeamCountry "MKD"]
[BlackTeamCountry "POL"]

1. d4 Nf6 2. c4 g6 3. Nc3 d5 4. e3 Bg7 5. Bd2 O-O 6. Rc1 {A rare but quite
possible line of play. Black has some problems to solve.} c5 {The most natural
move. Other options:} (6... c6 7. Bd3 Na6 (7... dxc4 8. Bxc4 Nbd7 9. Nf3 Nb6 (
9... c5 10. O-O cxd4 11. exd4 Nb6 12. Bb3 Bf5 $6 (12... Bg4 $142 {-6...dxc4})
13. Bg5 h6 14. Bh4 Re8 $2 15. Ne5 Nfd5 $2 16. Nxd5 Nxd5 17. Nxf7 Kxf7 18. Qf3
$18 {1-0 Panzer,P-Brenke,A/Lippstadt 1992/CBM 31 (29)}) 10. Bb3 Bf5 11. O-O Bd3
12. Ne2 Ba6 13. Bb4 Nbd5 14. Ba3 Ne4 15. Re1 Nd6 16. Bxd6 Qxd6 17. Ng3 b6 18.
e4 Nf4 19. Bc4 Bb7 20. e5 Qd8 21. Ne4 h6 22. Qd2 Nd5 23. a3 Qd7 24. Ba2 Nc7 25.
Red1 Rad8 26. Nc3 Kh7 27. Qe3 Qf5 28. Bb1 Qd7 29. h4 Qg4 30. g3 c5 31. Be4 {
1/2-1/2 Panzer,P-Stephan,A/Hamburg 1992/EXT 97 (31)}) (7... Be6 $5 8. b3 Nbd7
9. Nge2 Nb6 10. Nf4 Bg4 11. f3 Bc8 12. O-O Re8 13. cxd5 Nbxd5 14. Nfxd5 Nxd5
15. Nxd5 Qxd5 16. Bc3 $14 {1/2-1/2 Young,N-Gereben,E/Nice 1974/EXT 2000 (22)})
8. cxd5 Nb4 9. Bb1 (9. Be2 Nbxd5 10. Nf3 Be6 11. O-O h6 12. Na4 Ne4 13. Nc5
Nxc5 14. Rxc5 Nf6 15. Qb1 Bd5 $11 {1/2-1/2 Panzer,P-Muse,M/Germany 1993/
GER-chT (78)}) 9... cxd5 10. Qb3 Nc6 11. f4 $6 Na5 12. Qb4 Nc4 13. Nf3 a5 14.
Qb3 Ng4 $36 {1-0 Nogly,C-Wiethaup,M/GER 1998/EXT 2000 (40)}) (6... dxc4 7. Bxc4
Nbd7 8. Nf3 c5 9. O-O cxd4 10. exd4 Nb6 11. Bb3 Bg4 12. h3 Bxf3 13. Qxf3 Qxd4
14. Be3 (14. Rfd1 $5) 14... Qb4 15. Qxb7 e6 16. Rfd1 Rfb8 17. Qa6 Qe7 $14 {
1/2-1/2 Cobo Arteaga,E-Gligoric,S/Havana 1969/MCD (30)}) 7. dxc5 Na6 (7... Be6
8. Nf3 dxc4 9. Nd4 Bg4 10. f3 e5 11. Ndb5 Be6 12. Nd6 Nfd7 13. Nxb7 Qc7 14. Nd6
Nxc5 15. Nxc4 Nc6 16. Nb5 Qe7 17. Ncd6 a6 18. Rxc5 axb5 19. Rxc6 $16 {1-0
Nogly,C-Duemmke,J/Hamburg 1997/EXT 98 (35)}) 8. Nxd5 (8. Na4 $6 Ne4 9. b4 d4
10. a3 Bd7 11. b5 dxe3 12. Bxe3 Qa5+ 13. Ke2 Rad8 {0-1 Kulakova,V-Shomoev,A/
Tomsk 2001/CBM 83 ext (13).} 14. Qc2 Bf5 $19) 8... Ne4 9. f3 Nxd2 10. Qxd2 e6 {
The strong bishop gives Black a sufficient compensation for the pawn.} 11. Nc3
Qa5 12. a3 Rd8 13. Qc2 Bd7 $1 {A clever waiting move. So far Black could not
play} (13... Nxc5 $2 {in view of} 14. b4) ({and to} 13... Qxc5 {White could
reply} 14. Qf2) {So Black lets his opponent speak out first.} 14. Kf2 {An ugly
move but what to do else?} (14. Nge2 Qxc5 {or}) (14. Bd3 Nxc5 {is clearly
favourable for Black.}) 14... Rac8 15. Be2 Qxc5 16. b4 Qe7 17. h4 $6 {This
looks like a loss of time.} (17. f4 $142 {[%cal Yg1f3]}) 17... Nc7 18. h5 Nd5
19. Nd1 $2 {A very passive move.} (19. Nxd5 $142 exd5 20. hxg6 hxg6 21. c5 Re8
22. Qd2 b6 23. Ba6 (23. cxb6 Rxc1 24. Qxc1 axb6 $36) 23... Rc7 24. cxb6 Rxc1
25. Qxc1 d4 $5 26. e4 axb6 $44) 19... a5 $1 20. h6 {This pawn will be weak but
White's position is compromised anyway.} (20. hxg6 hxg6 21. Qd2 axb4 $1 (21...
Nf6 $44) 22. cxd5 bxa3 (22... Rxc1 $2 23. d6) 23. Rxc8 Rxc8 (23... Bxc8 24. Bc4
$13) 24. d6 Qg5 25. Qa2 Qc5 $17 {Black's a3 pawn is worth more than a piece!})
20... Bf6 (20... Bh8 $5) 21. Qd2 axb4 ({The simple} 21... Nc7 {was quite
strong, too, e.g.} 22. Nb2 axb4 23. axb4 Ra8 $36) 22. cxd5 Rxc1 23. d6 (23.
Qxc1 bxa3 24. Qb1 exd5 25. Nh3 d4 $19) 23... Rxd1 24. Qxd1 (24. Bxd1 Bb5 $17)
24... Qf8 25. axb4 Be8 26. f4 Rxd6 27. Qc1 {After all complications Black has
a clear advantage thanks to his pair of bishops and better position of pieces.}
Rc6 28. Qb1 e5 $6 {Not a good idea to exchange this pawn at a cost of two
tempi.} (28... Rc3 $142 29. Nf3 Ba4 {[%cal Rc3b3] with full domination.}) 29.
fxe5 Bxe5 30. Nf3 Bf6 31. Qe4 {This active queen seriously complicates Black's
task.} Re6 $6 {After giving up the b7 pawn Black's winning chances slip away.}
(31... Bc3 32. Nd4 $1 (32. b5 Re6 33. Qd5 (33. Qxb7 $2 Qc5) 33... Qe7 $17)
32... Rf6+ 33. Bf3 $11) (31... Rb6 $142 $1 32. Rb1 Re6 33. Qxb7 $140 Bc6 34.
Qc7 Qxh6 $17) 32. Qxb7 Bc6 33. Qa7 Bxf3 (33... Qxb4 34. Nd4 $1 Bxd4 35. Qxd4
Qxd4 36. exd4 Bxg2 37. Rc1 Rc6 38. Rb1 Bh3 39. d5 $44) 34. gxf3 Bd8 35. Bc4 Bb6
36. Qb7 Bxe3+ 37. Kg2 Re5 $6 (37... Re7 $142) 38. Rh4 Re7 39. Qd5 Bxh6 40. b5 {
This passed pawn enables White to reach a draw.} Be3 41. Re4 Bb6 42. Qc6 Rxe4
43. Qxe4 Qb8 44. f4 {The simplest course. White is ready to exchange this pawn
and the queens, after which a theoretical draw will arise.} Qa7 45. Qe8+ Kg7
46. Qe5+ f6 47. Qe6 Bc5 48. b6 $1 Bxb6 49. Qg8+ Kh6 50. Qf8+ Qg7 51. Qxg7+ Kxg7
52. f5 $1 Kh6 (52... gxf5 53. Kf3 {or}) (52... g5 53. Be2 {leads to a dead
draw.}) 53. fxg6 hxg6 54. Bd3 Kg5 55. Kf3 f5 56. Bc2 Kf6 57. Bd3 g5 58. Bc2 g4+
59. Kg2 Kg5 60. Bd3 Kf4 61. Bc2 Kg5 62. Bd3 f4 63. Be2 Ba7 64. Bd1 1/2-1/2

[Event "BIH-chT"]
[Site "Neum"]
[Date "2002.06.03"]
[Round "2.1"]
[White "Sokolov, Ivan"]
[Black "Ristic, Nenad"]
[Result "1-0"]
[WhiteElo "2647"]
[BlackElo "2464"]
[Annotator "Krasenkow,M"]
[PlyCount "71"]
[EventDate "2002.06.02"]
[EventType "team"]
[EventRounds "9"]
[EventCountry "BIH"]
[SourceTitle "CBM 090"]
[Source "ChessBase"]
[SourceDate "2002.09.20"]
[SourceVersion "1"]
[SourceVersionDate "2002.09.20"]
[SourceQuality "1"]
[WhiteTeam "Sarajevo Bosna"]
[BlackTeam "Bugojno"]
[WhiteTeamCountry "BIH"]
[BlackTeamCountry "BIH"]

1. d4 Nf6 2. c4 g6 3. Nc3 d5 4. Bg5 Bg7 5. Bxf6 Bxf6 6. cxd5 c6 7. e4 {About
this line - see CBM73, annotations to the game Gretarsson-Olafsson (Nordic GP
1999).} Qb6 {Quite a typical way of counterplay in this line.} 8. e5 (8. Nge2
Qxb2 9. Rb1 Qa3 10. Qd2 O-O 11. g3 Rd8 12. Bg2 e5 13. O-O Nd7 14. f4 exd4 15.
Nxd4 cxd5 16. Nxd5 Bg7 17. Nb5 Qc5+ 18. Kh1 Nb6 19. Qa5 Bg4 20. Rfc1 Qf2 21.
Rf1 Qc5 22. Rfc1 Qf2 23. Rf1 {1/2-1/2 Gretarsson,H-Kalod,R/Pardubice 1999/EXT
2000 (23)}) 8... Qxb2 9. Nge2 Bg7 10. g3 (10. Rb1 Qa3 11. Qd2 O-O 12. g3 f6 13.
exf6 Bxf6 14. Bg2 Qa6 15. O-O Bf5 16. Ne4 Nd7 17. dxc6 bxc6 18. Rbc1 Rad8 $132
{1-0 Chernyshov,K-Oral,T/Pardubice 1999/EXT 2000 (56)}) {White wants to do
without losing a tempo for Qd2. However, Black obtains good counterplay in
this game, too.} 10... O-O 11. Bg2 cxd5 12. Rb1 Qa3 13. Nxd5 Nc6 14. O-O Rb8 (
14... Qxa2 $2 {loses a queen after} 15. Ra1 Qb2 (15... Qc4 16. Ra4 Qb5 17. Nec3
) 16. Nec3 {[%cal Ra1a2]}) 15. Nec3 Be6 {A logical attempt to develop the
bishop.} (15... e6 $2 {weakens the dark squares and gives White a clear
advantage:} 16. Rb3 Qa6 (16... Qa5 17. Nf6+ Bxf6 18. exf6 {[%cal Rg2c6]} Bd7
19. Qd2 $16) 17. Nf6+ Bxf6 (17... Kh8 18. Qd2 Rd8 19. Bxc6 Qxc6 20. Qf4 $16)
18. exf6 Rd8 19. Bxc6 Qxc6 20. Qd2 Kh8 (20... e5 21. Ne4 $1) 21. Qh6 Rg8 22.
Qf4 Bd7 23. Ne4 Qd5 24. Nd6 Rbf8 25. Qe5 $16) (15... Bf5 $5 16. Rb3 Qa5) 16.
Qd2 {Still! White's plan consists of supporting the d5 knight by means of Rd1,
Rb3, Qb2, Rb5.} Rfd8 17. Rb3 Qa6 (17... Qa5 $5 18. Rb5 Qa3) 18. Rd1 Rd7 19. Qb2
{[%cal Rb3a3]} Qa5 ({More active play like} 19... b5 $5 {deserved attention.
But Black finds another good plan.}) 20. Rb5 Qd8 21. h3 b6 $1 22. Kh2 Rc8 23.
a4 a6 $4 {[%mdl 16384] A bad strategical mistake, after which Black ends up in
a lost endgame.} (23... Na5 {was a logical continuation, with a good position
for Black.}) (23... Nxd4 $5 {was another interesting option, with a good
compensation for the piece after} 24. Rxd4 Bxe5 {, e.g.} 25. Nxb6 $5 Bxd4 26.
Nxc8 Kg7 (26... Rc7 $5) {and White must give back the piece by} 27. Nxa7 $11)
24. Rxb6 Bxd5 ({Now} 24... Nxd4 $5 {is not good enough in view of} 25. f4 {
[%csl Ra6]} ({but not} 25. Rxd4 $2 Bxe5)) 25. Nxd5 Rxd5 26. Bxd5 Qxd5 27. Rc1 {
White's plan is now simple: to exchange all Black's major pieces winning his
a-pawn, after which White's a-pawn will decide the game.} Qd7 (27... Bf8 28.
Rc5 Qf3 (28... Qe4 29. Qc2 $1) (28... Qd7 29. Qc3) 29. d5 Na7 30. Rxc8 Nxc8 31.
Rc6 $18) 28. Rc5 $1 Bf8 (28... Nd8 29. Rxc8 Qxc8 30. Rb8 Qc7 31. Qb6 Qxb6 32.
Rxb6 Ne6 33. Rxa6 Nxd4 34. Ra8+ Bf8 35. a5 $18) 29. Qc3 Qf5 (29... Na7 30. Rxc8
Nxc8 31. Rc6 Qf5 32. f4 Na7 33. Rxa6 $18) 30. Qc2 Qxc2 31. Rxc2 Na7 32. Rxc8
Nxc8 33. Rc6 Na7 34. Rxa6 Nc8 35. Rc6 Na7 36. Rc7 1-0

[Event "EU-ch 13th"]
[Site "Plovdiv"]
[Date "2012.03.29"]
[Round "9"]
[White "Dreev, Alexey"]
[Black "Melkumyan, Hrant"]
[Result "1-0"]
[WhiteElo "2698"]
[BlackElo "2628"]
[Annotator "Krasenkow,M"]
[PlyCount "73"]
[EventDate "2012.03.20"]
[EventType "swiss"]
[EventRounds "11"]
[EventCountry "BUL"]
[SourceTitle "CBM 148"]
[Source "ChessBase"]
[SourceDate "2012.05.16"]
[SourceVersion "1"]
[SourceVersionDate "2012.05.16"]
[SourceQuality "1"]

1. d4 Nf6 2. c4 g6 3. Nc3 d5 4. Bg5 Bg7 5. Bxf6 Bxf6 6. cxd5 c5 {For this
relatively new move - see annotations to Moiseenko - Gopal in CBM 144.} 7. Nf3
{This transposes to D91 (4.Nf3 Bg7 5.Bg5 c5 6.Bxf6 Bxf6 7.cxd5).} (7. dxc5 {
is crucial.}) 7... cxd4 (7... Qb6 {is another option here.}) 8. Nxd4 Qb6 9. Nb3
(9. e3 Qxb2 {is satisfactory for Black:} 10. Bb5+ (10. Rc1 O-O 11. Be2 Bxd4 12.
exd4 Nd7 13. O-O Nf6 14. Bf3 Bf5 15. Re1 Rac8 16. Qb3 Qxb3 17. axb3 Rfd8 18.
Rxe7 Nxd5 19. Bxd5 Rxd5 20. Re8+ Rxe8 21. Nxd5 {1/2 Van der Sterren,P (2515)
-Khalifman,A (2650)/Germany 1997/GER-chT (41)} Kf8 $15) 10... Bd7 (10... Nd7 $5
) 11. O-O O-O 12. Qc1 Qxc1 13. Raxc1 Rd8 14. Rfd1 Bxb5 15. Ndxb5 Nd7 16. Ne4 a6
17. Nc7 Rab8 $11 {1/2 Zilberman,Y (2466)-Shipov,S (2630)/Moscow 2002/CBM 088 
(47)}) 9... O-O $146 {[%mdl 8] The simplest is the best.} (9... a5 {was played
in previous games but White managed to keep a small plus after} 10. e3 (10. a4
$143 Qb4 11. e3 Bd7 $1 (11... Bxc3+ 12. bxc3 Qxc3+ 13. Nd2 Bd7 14. Rc1 Qb4 15.
Bb5 O-O {0-1 Kelly,B (2405)-Sowray,P (2320)/England 1998/EXT 2000 (74)} 16. Rb1
$14) 12. Nd4 Qxb2 13. Qc1 (13. Ncb5 Qb4+ 14. Qd2 Na6 15. Qxb4 axb4 16. Kd2 O-O
$36 {0-1 Novogrudsky,N (2168)-Belov,V (2389)/Moscow 2000/EXT 2001 (34)}) 13...
Qxc1+ 14. Rxc1 O-O {1/2 Sakaev,K (2580)-Khalifman,A (2650)/St Petersburg 1997/
CBM 059}) ({Other options seen in practice:} 10. Rb1 Bf5 11. Rc1 a4 12. Nd2 {
0-1 Michel Yunis,C (2335)-Shipov,S (2589)/Dos Hermanas 2004/EXT 2005 (90)} a3
$1 13. b3 Qa5 14. e4 Bxc3 15. exf5 O-O $36) (10. Rc1 Bd7 (10... O-O $5) 11. e3
a4 12. Nd2 Qxb2 13. Nce4 Bg7 14. d6 Qxa2 15. dxe7 Qe6 16. Nc4 Kxe7 {1/2
Vioreanu,B (2455)-Giemsa,S (2286)/Baden-Baden 2007/CBM 117 ext (18)} 17. Ng5
$13) (10. Qc1 O-O 11. Nd2 a4 12. a3 Bd7 13. g3 Rc8 14. Nde4 Bg7 15. Bg2 f5 16.
Ng5 Na6 17. O-O Nc5 $44 {0-1 Koskinen,H (2317)-Maki,V (2400)/Finland 2006/EXT
2008 (38)}) 10... a4 (10... O-O $142 11. Qd2 $14) 11. Nd4 (11. Bb5+ $5 Bd7 12.
Nd4) 11... Qxb2 12. Bb5+ Nd7 (12... Bd7 13. O-O $1 Qxc3 $140 $2 14. Rc1 Bxd4
15. Qxd4 $18 {M.Turov}) 13. Qc1 Qxc1+ 14. Rxc1 O-O 15. Nxa4 (15. Bxa4 $142 $14)
15... Ra5 16. Nc3 Bxd4 17. exd4 Rd8 18. a4 Nb6 19. O-O Bd7 20. d6 {1/2
Riazantsev,A (2485)-Turov,M (2546)/Ubeda 2001/CBM 080 ext}) 10. e3 Rd8 $1 {
[%cal Yb8a6,Ya6b4,Ya6c7,Ye7e6] Black plans to gradually encircle White's
d5-pawn.} 11. Rc1 Na6 $6 {But this is inaccurate.} (11... Nc6 $142 $1 12. Bc4
Bf5 13. O-O Bxc3 14. Rxc3 Be4 $11 {[%cal Yc6b4,Rc6e5]}) 12. Bc4 Bf5 (12... e6
13. Qf3 Bxc3+ 14. bxc3 $1 (14. Rxc3 $6 Nb4 15. dxe6 Bxe6) 14... Nc7 15. dxe6
Bxe6 16. Bxe6 Nxe6 17. O-O {, and White keeps an extra pawn.}) 13. O-O Rac8 (
13... Bxc3 {was not enough now due to} 14. bxc3 $1 {[%cal Yc4e2,Yc3c4]} (14.
Rxc3 $143 Be4 15. Qd4 Qxd4 16. Nxd4 Bxd5 $11) 14... Nc7 15. Qf3 $16 {[%cal
Ye3e4]}) 14. Qe2 Nb4 15. e4 Bg4 (15... Bd7 16. e5 $1 Bxe5 17. Qxe5 Rxc4 18. Na4
$1 $16) 16. Qxg4 Rxc4 17. d6 $2 {"Brilliant" but} (17. Qe2 Rdc8 18. e5 $16 {
was much simpler.}) 17... Rxd6 $2 {Black loses the queen without sufficient
compensation.} (17... Nxa2 $5 {is rather inhuman and insufficient for equality
in any case:} 18. dxe7 Bxe7 19. Nd5 Qxb3 20. Nxe7+ Kf8 21. Rxc4 Qxc4 22. Qh4 $1
Rd6 23. Nd5 Kg7 24. Ne3 $36 {[%csl Rg7]}) (17... Qxd6 $1 {was, however, human
and good:} 18. Na5 Rd4 $1 19. Nxb7 Qd7 $1 {the point} 20. Qxd7 R8xd7 21. Nc5
Rd8 {, and Black's activity should guarantee him a draw.}) 18. Nd5 $1 Rxc1 (
18... Qa6 {(or wherever)} 19. Rxc4 Qxc4 20. Rc1 Qb5 (20... Nc2 21. Qd1 Qxe4 22.
Nxf6+ Rxf6 23. Qxc2) 21. Qc8+ Kg7 22. Nc7 $18 {[%cal Rc7b5,Rc7e8]}) 19. Nxb6
Rxf1+ $2 ({The intermediate} 19... h5 $1 {was more accurate:} 20. Qh3 (20. Qf4
Rxf1+ 21. Kxf1 axb6 22. e5 Nd3 23. Qe4 Nxe5 24. Qxb7 Kg7 $44 {[%cal Re5d3,
Re5c4]}) 20... Rxf1+ 21. Kxf1 axb6) 20. Kxf1 Rxb6 {The rook has nothing to do
here but} (20... axb6 $2 {was impossible due to} 21. e5) 21. Nc5 {Due to the
bad co-ordination of his pieces, Black can't construct a fortress.} Rc6 22. e5
$1 Rxc5 (22... Bxe5 23. Qxb4 Bd6 24. Qxb7 Rxc5 25. Qa8+ $1 Kg7 26. Qxa7 {
and Black can't recapture on b2.}) 23. exf6 Nd5 24. fxe7 Nxe7 25. Qd7 Rc1+ 26.
Ke2 Nc6 27. Qxb7 a5 28. Qb6 h5 29. f4 Nb4 30. Qxa5 Rc2+ 31. Kf3 Rxb2 32. Qd8+
Kh7 33. Qf6 Nd3 34. Qxf7+ Kh6 35. Qf8+ Kh7 36. Qe7+ Kh6 37. Qe3 1-0

[Event "Bundesliga 0607"]
[Site "Germany"]
[Date "2006.11.19"]
[Round "4.1"]
[White "Sargissian, Gabriel"]
[Black "Naiditsch, Arkadij"]
[Result "1/2-1/2"]
[WhiteElo "2667"]
[BlackElo "2676"]
[Annotator "Krasenkow,M"]
[PlyCount "84"]
[EventDate "2006.10.28"]
[EventType "team-tourn"]
[EventRounds "15"]
[EventCountry "GER"]
[SourceTitle "CBM 116"]
[Source "ChessBase"]
[SourceDate "2007.02.01"]
[SourceVersion "1"]
[SourceVersionDate "2007.02.01"]
[SourceQuality "1"]
[WhiteTeam "Kreuzberg"]
[BlackTeam "Bindlach"]
[WhiteTeamCountry "GER"]
[BlackTeamCountry "GER"]

1. d4 Nf6 2. c4 g6 3. Nc3 d5 4. Bg5 Ne4 5. Bh4 Nxc3 6. bxc3 dxc4 7. e3 Be6 8.
Qb1 c5 {About this move - see CBM 112, annotations to Ivanchuk-Svidler.} 9.
Qxb7 Bd5 10. Qb5+ Qd7 $1 $146 {[%mdl 8] GM Arkadij Naiditsch successfully
rehabilitates Svidler's 8...c5!} (10... Nd7 11. Nf3 Rb8 12. Qa4 cxd4 13. cxd4
Qc8 14. Rc1 $1 e6 15. Bxc4 $1 Rb4 16. Qa6 $1 Bb7 17. Qa5 $1 f6 18. Nd2 Bxg2 19.
Rg1 Qc6 20. Rxg2 $1 Qxg2 21. Bxe6 Bd6 22. Rc8+ Ke7 23. Rxh8 Kxe6 24. Qd8 Qg1+
25. Ke2 {1-0 Ivanchuk,V-Svidler,P/Morelia/Linares 2006/CBM 112/[Krasenkow]})
11. Rb1 Qxb5 $1 (11... Nc6 $143 12. Nf3 $36) 12. Rxb5 Nd7 13. Nf3 (13. dxc5 $6
e6) 13... e6 {[%csl Gd5] Black's strong d5 bishop holds his whole position. It
is now White who should fight for equality.} 14. Be2 (14. Nd2 $6 cxd4 15. exd4
Be7 16. Bxe7 (16. Bg3 Nb6 $15) 16... Kxe7 17. Nxc4 (17. Bxc4 Bxg2) 17... Rhc8
$15) 14... Be7 15. Kd2 cxd4 16. exd4 a6 17. Rbb1 (17. Ra5 $6 Bxh4 18. Nxh4 Rb8
$1) 17... g5 $1 {Black now plays for a win avoiding simplifications!} (17...
Be4 18. Rbc1 Bd5 (18... Ba3 19. Rce1) 19. Rb1 $11) (17... Bxh4 18. Nxh4 Nf6 19.
Bf3 $11) 18. Bg3 (18. Nxg5 Rg8 19. Nf3 Rxg2 20. Bxe7 (20. Bg3 Nf6 $36) 20...
Kxe7 $36) 18... g4 19. Ne1 h5 20. h3 Nf6 (20... Be4 $1 21. Ra1 Bg5+ 22. Kd1 Ke7
$36) 21. f3 gxf3 22. gxf3 Rg8 23. Bf2 Bd6 24. Nc2 Kd7 25. Ne3 Bf4 26. Rhg1 Bc6
27. Rxg8 Rxg8 28. Ke1 Nd5 29. Nd1 Bb5 30. a4 Bxa4 31. Bxc4 Bxd1 {Too forcing.
White now holds his ground. His task would be more difficult after} (31... a5
$15 {[%csl Ga5]}) 32. Rxd1 Nxc3 33. Ra1 Rb8 (33... Rg2 34. Rxa6 Bg3 35. Bxg3
Rxg3 36. Kf2 Rxh3 37. Ra3 $1 Nd5 (37... Rh2+ 38. Kg3 Rc2 39. Kh4) 38. Bxd5 exd5
39. Ra7+ Ke6 40. Ra6+ $11) 34. Bxa6 Rb2 35. Bc4 Kc8 36. h4 Kb8 37. Bd3 Nd5 38.
Be4 Be3 39. Bxe3 Nxe3 40. Ra8+ Kc7 41. Ra7+ Kd6 42. Rxf7 Ng2+ 1/2-1/2